| 000 | 00515nam a2200169Ia 4500 | ||
|---|---|---|---|
| 008 | 230917s9999||||xx |||||||||||||| ||und|| | ||
| 020 | _cRS895 | ||
| 040 |
_e237357 _aMAIN |
||
| 041 | _aEnglish | ||
| 082 | _a352.054 S64W | ||
| 100 | _aSingla, Pamela | ||
| 245 | 0 | _aWomen's participation in panchayati raj: Nature and effectiveness a Northern India perspective | |
| 260 |
_aJaipur _bRawat Publications _c2007 |
||
| 300 | _avii, 285 p. | ||
| 500 | _a2570 18/01/2017 RK17/3465 19/01/2017 Main Budget | ||
| 942 | _cBK | ||
| 999 |
_c20964 _d20964 |
||